Dreaming of Baghdad/ (Record no. 171234)

MARC details
000 -LEADER
fixed length control field 00502nam a2200181 4500
005 - DATE AND TIME OF LATEST TRANSACTION
control field 20200109115549.0
010 ## - LCCN (DPL NO)
LC control number ENG-127334
020 ## - INTERNATIONAL STANDARD BOOK NUMBER
International Standard Book Number 8188965723
Terms of availability 375.00
035 ## - SYSTEM CONTROL NUMBER
System control number EN-110866
037 ## - SOURCE OF ACQUISITION
Source of stock number/acquisition DBAD/PUB
082 ## - DEWEY DECIMAL CLASSIFICATION NUMBER
Classification number 921
100 ## - MAIN ENTRY--PERSONAL NAME
Personal name Zangana,Haifa
245 ## - TITLE STATEMENT
Title Dreaming of Baghdad/
Statement of responsibility, etc by Haifa Zangana
260 ## - PUBLICATION, DISTRIBUTION, ETC. (IMPRINT)
Place of publication, distribution, etc New Delhi
Name of publisher, distributor, etc Women unlimited
Date of publication, distribution, etc 2009
270 ## - ADDRESS
Address K-36,Hauz Khas Enclave
City New Delhi
Postal code 110016
300 ## - PHYSICAL DESCRIPTION
Extent XI;169p.
Dimensions 22cm(pbk)
942 ## - ADDED ENTRY ELEMENTS (KOHA)
Source of classification or shelving scheme Dewey Decimal Classification
Item type English Books
Classification part 921
Call number prefix ZAN
Holdings
Withdrawn status Lost status Not for loan Collection code Home library Current library Date acquired Source of acquisition Cost, normal purchase price Full call number Barcode Copy number Cost, replacement price Koha item type
      Non-fiction Shahdara Branch Shahdara Branch 09/01/2020 DBAD/PUB 375.00 921 EN-110866 1 375.00 English Books

© Delhi Public Library
Hit Counter
free hit counter